Legislación de derechos de autor /

Contiene: Ley Federal del Derecho de Autor; Reglamento de la Ley Federal del Derecho de Autor; Convenciones y tratados internacionales; Propiedad Intelectual; Ley de la Propiedad Industrial; Reglamento de la Ley de la Propiedad Industrial; Reglamento del Instituto Mexicano de la Propiedad Industrial...

Ful tanımlama

Kaydedildi:
Detaylı Bibliyografya
Müşterek Yazar: México
Materyal Türü: Kitap
Dil:İspanyolca
Baskı/Yayın Bilgisi: México : SISTA, 2003, c1994
Konular:
Etiketler: Etiketle
Etiket eklenmemiş, İlk siz ekleyin!

MARC

LEADER 00000nam^a2200000^a^4500
001 000154662
005 20250521000000.0
009 20260310100401.524
020 |a 968-6816-66-6 
037 |a Acervo ITESO - Biblioteca 
041 |a ESP 
082 |a 346. 720482  |b MEX 2003 
110 |a México 
240 1 1 |a [Ley Federal del Derecho de Autor] 
240 1 1 |a [Reglamento de la Ley Federal del Derecho de Autor] 
240 1 1 |a [Ley de la Propiedad Industrial] 
240 1 1 |a [Reglamento de la Ley de la Propiedad Industrial] 
245 1 0 |a Legislación de derechos de autor / 
264 4 |a México :  |b SISTA,  |c 2003, c1994 
300 |a 463, 58 p. 
336 |a texto  |b txt  |2 rdacontenido 
337 |a sin mediación  |b n  |2 rdamedio 
338 |a volumen  |b nc  |2 rdasoporte 
520 |a Contiene: Ley Federal del Derecho de Autor; Reglamento de la Ley Federal del Derecho de Autor; Convenciones y tratados internacionales; Propiedad Intelectual; Ley de la Propiedad Industrial; Reglamento de la Ley de la Propiedad Industrial; Reglamento del Instituto Mexicano de la Propiedad Industrial; Estatuto Orgánico del Instituto Mexicano de la Propiedad Industrial; ISBN; Jurisprudencias. 
649 |a XX 
650 |a Derecho de Autor -  |z México -  |x Leyes y Reglamentos 
650 |a Propiedad Industrial -  |z México -  |x Leyes y Reglamentos 
650 |a Derecho Patrimonial -  |z México -  |x Leyes y Reglamentos 
650 |a Derecho Civil -  |z México -  |x Leyes y Reglamentos 
650 |a Derecho Privado -  |z México 
910 |a Fondo General 
920 |a Impresos - Libros 
930 |a Colección General 
905 |a 101 
901 |a 0500086201  |b IT1  |c ACC  |u 20250521 
902 |a https://opac.biblio.iteso.mx/vufind/Record/000154662